000 01010cam a2200289 i 4500
001 32401
003 Mx-PuUPA
005 20260317185048.0
008 140415s2016 mx gr 000 0 spa d
020 _a9786078463640
040 _aMx-PuUPA
_bspa
_cMx-PuUPA
_dMx-PuUPA
_erda
041 0 _aspa
100 1 _aZamorano García, Enrique,
_99595
_eautor
245 1 0 _aDesarrollo ético de los profesionales de la contaduría y la administración /
_cEnrique Zamorano García
250 _a1a. edición /
_bdiciembre
264 1 _aCiudad de México :
_bInstituto Mexicano de Contadores Públicos,
_c©2016
300 _a142 páginas ;
_c22 cm
336 _2rdacontent
_atexto
_btxt
337 _2rdamedia
_asin medio
_bn
338 _2rdacarrier
_avolumen
_bnc
490 0 _aDiversos
650 7 _2armarc
_aContabilidad
_xAspectos morales y éticos
650 7 _2armarc
_aContadores
_xÉtica profesional
942 _2ddc
_cLI
_h174.9657
_iZ23
999 _c32401
_d32401